Ďalšie vzdelávanie učiteľov = Further teacher education : Diplomová práca

Uložené v:
Podrobná bibliografia
Hlavný autor: Novák, Jaroslav (Autor)
Ďalší autori: Cyrus, Pavel, 1949- (xxx)
Médium: Rukopis Kniha
Jazyk:Slovak
Vydavateľské údaje: Trnava : STU v Bratislave MTF UIPH, 2009
Predmet:
Tagy: Pridať tag
Žiadne tagy, Buďte prvý, kto otaguje tento záznam!

MARC

LEADER 00000ntm a22000003a 4500
001 stu198817
005 20160719160101.7
008 100122s2009----xo------------------slo-d
040 |a STU  |b slo 
041 0 |a slo 
044 |a xo 
100 1 |a Novák, Jaroslav  |4 aut 
245 1 |a Ďalšie vzdelávanie učiteľov = Further teacher education :  |b Diplomová práca 
260 |a Trnava :  |b STU v Bratislave MTF UIPH,  |c 2009 
300 |a 61 s  |c prílohy 
500 |a Študijný program: učiteľstvo technických profesijných predmetov 
500 |a Študijný odbor: 1.1.2 učiteľstvo profesijných predmetov a praktickej prípravy 
650 7 |a vzdelávanie učiteľov  |2 stusub 
650 7 |a motivácia  |2 stusub 
700 1 |a Cyrus, Pavel,  |d 1949-  |4 xxx  |u M220  |U MTF Ústav inžinierskej pedagogiky a humatitných vied  |T MTF Katedra inžinierskej pedagogiky a psychológie  |X 47612  |U M220  |Y M220  |7 A000047612 
996 |b 284M077760  |c M*DP-8804  |l MMSKP  |s P  |a 0  |w stu198817_0001